[Event "Mostoles op 11th"]
[Site "Mostoles"]
[Date "2022.07.20"]
[Round "4"]
[White "Iagar, Razvan Gabriel"]
[Black "Fuentes Arjona, Antonio C"]
[Result "1/2-1/2"]
[WhiteElo "2148"]
[BlackElo "1831"]
[PlyCount "120"]
[EventDate "2022.07.17"]
[EventType "swiss"]
[EventRounds "9"]
[EventCountry "ESP"]
[SourceTitle "EXT 2024"]
[Source "ChessBase"]
[SourceDate "2023.10.10"]
[SourceVersion "1"]
[SourceVersionDate "2023.10.10"]
[SourceQuality "1"]

1. d4 Nf6 2. Nf3 d5 3. c4 g6 4. Nc3 Bg7 5. e3 c6 6. Bd3 0-0 7. 0-0 dxc4 8. Bxc4 Nbd7 9. h3 b5 10. Bd3 Qc7 11. Qc2 b4 12. Na4 e5 13. Bd2 a5 14. Rac1 Bb7 15. dxe5 Nxe5 16. Be2 Nfd7 17. Nxe5 Qxe5 18. b3 c5 19. f4 Qd6 20. Bf3 Bxf3 21. Rxf3 Rac8 22. Rff1 Rc6 23. Rfd1 Qe7 24. Re1 Rfc8 25. Qc4 Nb6 26. Nxb6 Rxb6 27. Re2 Qd7 28. Be1 Rd6 29. Bf2 Rd2 30. Rc2 Rd1+ 31. Kh2 Bc3 32. e4 g5 33. fxg5 Qd6+ 34. g3 Be5 35. Kg2 Rd3 36. Re3 Rxe3 37. Bxe3 Bxg3 38. Qd5 Qxd5 39. exd5 Bd6 40. Kf3 Kf8 41. Rc4 Rc7 42. Kg4 Kg7 43. Bf4 Bxf4 44. Kxf4 f6 45. d6 Rc6 46. d7 Rd6 47. Rxc5 Rxd7 48. Rxa5 Rd4+ 49. Kf5 fxg5 50. Kxg5 Rd2 51. Ra7+ Kg8 52. Ra5 Kg7 53. h4 Rg2+ 54. Kf4 Kg6 55. Rg5+ Rxg5 56. hxg5 Kg7 57. Kg4 Kf7 58. Kh4 Kg6 59. Kg4 Kf7 60. Kh5 Kg7 1/2-1/2

[Event "De los Reyes op 21st"]
[Site "De los Reyes"]
[Date "2019.12.06"]
[Round "7"]
[White "Sanchez Saez, Francisco"]
[Black "Iagar, Razvan Gabriel"]
[Result "1/2-1/2"]
[WhiteElo "2337"]
[BlackElo "2170"]
[PlyCount "100"]
[EventDate "2019.11.30"]
[EventType "swiss"]
[EventRounds "9"]
[EventCountry "ESP"]
[SourceTitle "CBM 193 Extra"]
[Source "ChessBase"]
[SourceDate "2020.01.31"]
[SourceVersion "1"]
[SourceVersionDate "2020.01.31"]
[SourceQuality "1"]

1. c4 Nf6 2. Nc3 c6 3. e4 d5 4. e5 d4 5. exf6 dxc3 6. bxc3 exf6 7. d4 Bd6 8. Bd3 c5 9. Ne2 Nc6 10. 0-0 0-0 11. Be3 b6 12. Ng3 Qc7 13. Qf3 Re8 14. Kh1 Bd7 15. Nh5 Bf8 16. Rae1 Rad8 17. Bf4 Qc8 18. Qg3 Kh8 19. d5 Rxe1 20. Rxe1 Re8 21. f3 Ne7 22. Bd6 Nf5 23. Bxf5 Rxe1+ 24. Qxe1 Bxd6 25. Bxd7 Qxd7 26. Ng3 Kg8 27. Ne4 Qe7 28. Qd2 Kf8 29. g3 f5 30. Nxd6 Qxd6 31. Kg2 f6 32. Kf2 Ke7 33. f4 g6 34. Qd1 Qd7 35. Qb3 Kd6 36. Qa3 a5 37. Qb3 Kc7 38. Qd1 Kd6 39. Qb3 Kc7 40. Qd1 Kd6 41. h3 h5 42. Qb3 Kc7 43. Qd1 Kd6 44. Qb3 Kc7 45. Qd1 Kd6 46. Qe2 Kc7 47. Qb2 Kb7 48. Qe2 Kc7 49. Qb2 Kb7 50. Qe2 Kc7 1/2-1/2

[Event "De los Reyes op 21st"]
[Site "De los Reyes"]
[Date "2019.12.05"]
[Round "6"]
[White "Iagar, Razvan Gabriel"]
[Black "Alonso Abad, Enrique"]
[Result "1-0"]
[WhiteElo "2170"]
[BlackElo "1994"]
[PlyCount "91"]
[EventDate "2019.11.30"]
[EventType "swiss"]
[EventRounds "9"]
[EventCountry "ESP"]
[SourceTitle "CBM 193 Extra"]
[Source "ChessBase"]
[SourceDate "2020.01.31"]
[SourceVersion "1"]
[SourceVersionDate "2020.01.31"]
[SourceQuality "1"]

1. d4 f5 2. Nf3 Nf6 3. g3 g6 4. Bg2 Bg7 5. 0-0 d6 6. c4 0-0 7. Nc3 c6 8. Rb1 Qc7 9. d5 e5 10. dxe6 Bxe6 11. b3 Na6 12. Ng5 Rfe8 13. Nxe6 Rxe6 14. b4 Ng4 15. Qc2 Rae8 16. e3 Ne5 17. Qb3 Qf7 18. Ba3 g5 19. b5 Nc5 20. Bxc5 dxc5 21. bxc6 bxc6 22. Rfd1 Qh5 23. Qc2 g4 24. Ne2 Rh6 25. Nf4 Nf3+ 26. Kf1 Qxh2 27. Qxf5 Rf6 28. Qxg4 Qg1+ 29. Ke2 Nd4+ 30. Rxd4 Qxb1 31. Rd2 Kh8 32. Qd7 Rff8 33. Bxc6 Bc3 34. Rd1 Qxa2+ 35. Kf3 Rd8 36. Qe7 Bf6 37. Qxc5 Qc2 38. Rh1 Bg7 39. Be4 Qc3 40. Rxh7+ Kg8 41. Rh1 a5 42. Kg2 Bf6 43. Qh5 Rf7 44. Qg6+ Bg7 45. Rh8+ Kxh8 46. Qh7# 1-0

[Event "Madrid Chamartin op 8th"]
[Site "Madrid"]
[Date "2019.09.12"]
[Round "6"]
[White "Iagar, Razvan Gabriel"]
[Black "Rueda Maria, Ramiro"]
[Result "1-0"]
[WhiteElo "2164"]
[BlackElo "1802"]
[PlyCount "43"]
[EventDate "2019.09.09"]
[EventType "swiss"]
[EventRounds "9"]
[EventCountry "ESP"]
[SourceTitle "CBM 192 Extra"]
[Source "Chessbase"]
[SourceDate "2019.11.06"]
[SourceVersion "1"]
[SourceVersionDate "2019.11.06"]
[SourceQuality "1"]

1. d4 d5 2. c4 e6 3. Nc3 Nf6 4. cxd5 exd5 5. Bg5 Be7 6. e3 0-0 7. Bd3 c6 8. Qc2 g6 9. Nf3 Nbd7 10. 0-0 Re8 11. h3 Nh5 12. Bxe7 Qxe7 13. Rab1 Nf8 14. b4 a6 15. a4 Ng7 16. b5 axb5 17. axb5 Bf5 18. bxc6 bxc6 19. Ne5 Bxd3 20. Nxd3 Qd6 21. Rb6 Nd7 22. Nb5 1-0

[Event "Madrid Chamartin op 8th"]
[Site "Madrid"]
[Date "2019.09.10"]
[Round "2"]
[White "Iagar, Razvan Gabriel"]
[Black "Arias Jordan, Juan J"]
[Result "1/2-1/2"]
[WhiteElo "2164"]
[BlackElo "1857"]
[PlyCount "70"]
[EventDate "2019.09.09"]
[EventType "swiss"]
[EventRounds "9"]
[EventCountry "ESP"]
[SourceTitle "CBM 192 Extra"]
[Source "Chessbase"]
[SourceDate "2019.11.06"]
[SourceVersion "1"]
[SourceVersionDate "2019.11.06"]
[SourceQuality "1"]

1. d4 d5 2. c4 e6 3. Nc3 c5 4. cxd5 exd5 5. Nf3 Nf6 6. g3 Nc6 7. Bg2 Be7 8. 0-0 0-0 9. dxc5 d4 10. Na4 Bf5 11. Ne1 Qd7 12. Nd3 Rad8 13. b3 Rfe8 14. Bb2 Nd5 15. a3 Bf6 16. Rc1 Re7 17. Bf3 Rde8 18. b4 a6 19. Qb3 Be6 20. Qc2 Bg4 21. Rfe1 Qf5 22. Kg2 Re3 23. Bxg4 Qxg4 24. Kg1 Rxg3+ 25. hxg3 Ne3 26. Qb3 Re5 27. Nxe5 Bxe5 28. Qxe3 dxe3 29. Bxe5 Nxe5 30. Red1 h5 31. Nc3 h4 32. f3 Qxg3+ 33. Kh1 Qh3+ 34. Kg1 Qg3+ 35. Kh1 Qh3+ 1/2-1/2

[Event "Madrid Chamartin op 8th"]
[Site "Madrid"]
[Date "2019.09.09"]
[Round "1"]
[White "Serrera Sanchez Romo, Sergio"]
[Black "Iagar, Razvan Gabriel"]
[Result "0-1"]
[WhiteElo "1631"]
[BlackElo "2164"]
[PlyCount "96"]
[EventDate "2019.09.09"]
[EventType "swiss"]
[EventRounds "9"]
[EventCountry "ESP"]
[SourceTitle "CBM 192 Extra"]
[Source "Chessbase"]
[SourceDate "2019.11.06"]
[SourceVersion "1"]
[SourceVersionDate "2019.11.06"]
[SourceQuality "1"]

1. c4 Nf6 2. Nf3 c6 3. d4 d5 4. e3 Bf5 5. Nc3 e6 6. Bd3 Bxd3 7. Qxd3 Nbd7 8. 0-0 Be7 9. b3 0-0 10. e4 dxe4 11. Nxe4 Qc7 12. Bg5 Rad8 13. Bxf6 Nxf6 14. Nxf6+ Bxf6 15. Qe4 Qa5 16. Rfd1 Rd6 17. Rd2 Rfd8 18. Rad1 g6 19. h3 Bg7 20. Qf4 R6d7 21. Qe4 h6 22. Qf4 a6 23. Qe4 e5 24. d5 f5 25. Qe3 cxd5 26. cxd5 Rxd5 27. Rxd5 Rxd5 28. Rxd5 Qxd5 29. Qc1 e4 30. Nd2 b5 31. Nf1 Kh7 32. Qd2 Qxd2 33. Nxd2 Bc3 34. Nb1 Bb4 35. Kf1 Kg7 36. a3 Bc5 37. Ke2 Kf6 38. b4 Bd4 39. Nd2 Bb2 40. Nb1 Ke5 41. Kd2 Kd5 42. Kc2 Bd4 43. f3 e3 44. Kd3 f4 45. a4 bxa4 46. Na3 Bb2 47. Nc4 a3 48. Nb6+ Kc6 0-1

[Event "Xativa Murta op 5th"]
[Site "Xativa"]
[Date "2019.07.20"]
[Round "8"]
[White "Pallas i Garrido, Ernest Josep"]
[Black "Iagar, Razvan Gabriel"]
[Result "0-1"]
[WhiteElo "1831"]
[BlackElo "2138"]
[PlyCount "90"]
[EventDate "2019.07.15"]
[EventType "swiss"]
[EventRounds "9"]
[EventCountry "ESP"]
[SourceTitle "EXT 2020"]
[Source "ChessBase"]
[SourceDate "2019.10.17"]
[SourceVersion "1"]
[SourceVersionDate "2019.10.17"]
[SourceQuality "1"]

1. e4 e6 2. d3 c5 3. Nf3 Nc6 4. g3 g6 5. Bg2 Bg7 6. Nbd2 d6 7. 0-0 Nge7 8. Re1 0-0 9. Nf1 Rb8 10. Rb1 b5 11. Be3 Qa5 12. Qd2 Qxd2 13. N1xd2 Nb4 14. e5 Nxc2 15. exd6 Nd5 16. Bxc5 Nxe1 17. Nxe1 Rd8 18. a3 a6 19. Nc2 Bb7 20. d4 Bf8 21. Ne4 h6 22. b4 f5 23. Nd2 Bxd6 24. Re1 Kf7 25. Nf3 Bxc5 26. Ne5+ Kf6 27. dxc5 Ba8 28. Nd4 Ne7 29. Nxe6 Kxe6 30. Nc6+ Kf6 31. Nxe7 Bxg2 32. Kxg2 Rd7 33. Nc6 Rc8 34. Ne5 Rd2 35. c6 Rc7 36. Nd7+ Kf7 37. Ne5+ Kg7 38. Nd7 Rxc6 39. Re7+ Kg8 40. Ne5 Rcc2 41. Nxg6 Rxf2+ 42. Kg1 Rg2+ 43. Kf1 Rxh2 44. Kg1 Rhg2+ 45. Kf1 Rxg3 0-1

[Event "Xativa Murta op 5th"]
[Site "Xativa"]
[Date "2019.07.16"]
[Round "3"]
[White "Iagar, Razvan Gabriel"]
[Black "Ponce Valero, Juan Antonio"]
[Result "1-0"]
[WhiteElo "2138"]
[BlackElo "1949"]
[PlyCount "93"]
[EventDate "2019.07.15"]
[EventType "swiss"]
[EventRounds "9"]
[EventCountry "ESP"]
[SourceTitle "EXT 2020"]
[Source "ChessBase"]
[SourceDate "2019.10.17"]
[SourceVersion "1"]
[SourceVersionDate "2019.10.17"]
[SourceQuality "1"]

1. d4 Nf6 2. c4 e6 3. Nf3 b6 4. g3 Bb7 5. Bg2 Be7 6. 0-0 0-0 7. Nc3 Ne4 8. Qc2 Nxc3 9. Qxc3 c5 10. Rd1 d6 11. Qc2 Qc7 12. d5 e5 13. e4 Bc8 14. Ne1 f5 15. Nd3 Qd8 16. f4 exf4 17. Nxf4 Bf6 18. Ne6 Bxe6 19. dxe6 Nc6 20. exf5 Nd4 21. Qe4 Rb8 22. Be3 b5 23. Bxd4 cxd4 24. Qd5 Qe7 25. cxb5 Rfc8 26. Rac1 Rc5 27. Rxc5 dxc5 28. a4 Rd8 29. Qc4 g6 30. fxg6 hxg6 31. a5 Kg7 32. b6 axb6 33. axb6 Qd6 34. b7 Rb8 35. Qd5 Qxd5 36. Bxd5 c4 37. Rc1 c3 38. bxc3 dxc3 39. Kf2 Kf8 40. Ke2 Ke7 41. Kd3 Kd6 42. Bf3 Kxe6 43. Bg4+ Kd6 44. Bc8 Kc5 45. Rf1 Be5 46. Rf8 Kb4 47. Kc2 1-0

[Event "Torredembarra op 21st"]
[Site "Torredembarra"]
[Date "2019.07.12"]
[Round "7"]
[White "Soler Lopez, Hugo"]
[Black "Iagar, Razvan Gabriel"]
[Result "1/2-1/2"]
[WhiteElo "2072"]
[BlackElo "2138"]
[PlyCount "48"]
[EventDate "2019.07.06"]
[EventType "swiss"]
[EventRounds "9"]
[EventCountry "ESP"]
[SourceTitle "CBM 191 Extra"]
[Source "ChessBase"]
[SourceDate "2019.09.30"]
[SourceVersion "1"]
[SourceVersionDate "2019.09.30"]
[SourceQuality "1"]

1. e4 e6 2. d4 d5 3. Nd2 c5 4. exd5 Qxd5 5. Ngf3 cxd4 6. Bc4 Qd7 7. 0-0 Nc6 8. Nb3 Nf6 9. Nbxd4 Nxd4 10. Nxd4 a6 11. Re1 Bc5 12. Be3 Qc7 13. Qe2 0-0 14. c3 Bd6 15. h3 Bh2+ 16. Kh1 Bf4 17. Bb3 Bxe3 18. Qxe3 b6 19. Qg5 h6 20. Qh4 Bb7 21. Rad1 Rfe8 22. Rd3 Kh8 23. Rde3 Rad8 24. a3 Bd5 1/2-1/2

[Event "Madrid-ch final"]
[Site "Madrid"]
[Date "2019.05.30"]
[Round "6"]
[White "Iagar, Razvan Gabriel"]
[Black "Nieto de la Cruz, Julio"]
[Result "1-0"]
[WhiteElo "2104"]
[BlackElo "2168"]
[PlyCount "89"]
[EventDate "2019.05.25"]
[EventType "swiss"]
[EventRounds "7"]
[EventCountry "ESP"]
[SourceTitle "CBM 190 Extra"]
[Source "ChessBase"]
[SourceDate "2019.07.15"]
[SourceVersion "1"]
[SourceVersionDate "2019.07.15"]
[SourceQuality "1"]

1. d4 Nf6 2. Nf3 c5 3. d5 b5 4. c4 Bb7 5. Nfd2 bxc4 6. e4 e6 7. dxe6 dxe6 8. Nc3 Be7 9. Bxc4 0-0 10. 0-0 Nc6 11. Re1 Ne5 12. Bf1 Qd4 13. Nb3 Qxd1 14. Rxd1 a5 15. Be3 Rfc8 16. f3 c4 17. Nd4 Ba6 18. Rac1 Rab8 19. Rc2 Nd3 20. Bxd3 cxd3 21. Rf2 Nd7 22. Nb3 Bb4 23. Rc1 Bc4 24. Nd2 Ba6 25. Nb3 Nb6 26. Nd2 Rb7 27. Rff1 Bxc3 28. bxc3 Na4 29. c4 Rb2 30. Rfd1 Rxa2 31. Nb3 Nb2 32. Rd2 Rxc4 33. Rxc4 Bxc4 34. Nc1 Ra1 35. Rxb2 h5 36. Kf2 a4 37. Rb4 Ba6 38. Bd2 Kh7 39. Ke3 Kg6 40. Kd4 f6 41. Kc3 a3 42. Ra4 Bb5 43. Ra5 Bc6 44. Kxd3 h4 45. Kc2 1-0

[Event "Madrid-ch final"]
[Site "Madrid"]
[Date "2019.05.28"]
[Round "4"]
[White "Iagar, Razvan Gabriel"]
[Black "Estevez Sacristan, Deva"]
[Result "1/2-1/2"]
[WhiteElo "2104"]
[BlackElo "1999"]
[PlyCount "85"]
[EventDate "2019.05.25"]
[EventType "swiss"]
[EventRounds "7"]
[EventCountry "ESP"]
[SourceTitle "CBM 190 Extra"]
[Source "ChessBase"]
[SourceDate "2019.07.15"]
[SourceVersion "1"]
[SourceVersionDate "2019.07.15"]
[SourceQuality "1"]

1. d4 f5 2. Nf3 Nf6 3. g3 g6 4. Bg2 Bg7 5. 0-0 0-0 6. c4 d6 7. Nc3 Nc6 8. b3 e5 9. dxe5 dxe5 10. Ba3 Re8 11. Qxd8 Rxd8 12. e4 Nd4 13. Rad1 Nxe4 14. Nxe4 fxe4 15. Nxd4 exd4 16. Bxe4 c6 17. Rd3 Re8 18. f3 Bf5 19. Bxf5 gxf5 20. Bc5 Red8 21. Rfd1 Rd7 22. R3d2 Rad8 23. Bxa7 d3 24. Bb6 Bd4+ 25. Bxd4 Rxd4 26. Kf2 R4d6 27. Re1 Kf7 28. Red1 Kf6 29. f4 h5 30. h4 Rd4 31. Re1 Re4 32. Re3 Red4 33. Ke1 Re4 34. Kf2 Red4 35. Rf3 b5 36. cxb5 cxb5 37. Re3 b4 38. Kf3 Kf7 39. Re5 Kf6 40. Rc5 R4d6 41. Rc4 Rb8 42. Rc5 Rbd8 43. Rc4 1/2-1/2

[Event "Madrid-ch sf"]
[Site "Madrid"]
[Date "2019.05.07"]
[Round "2"]
[White "Rios Rebollo, Victor"]
[Black "Iagar, Razvan Gabriel"]
[Result "1/2-1/2"]
[WhiteElo "2007"]
[BlackElo "2104"]
[PlyCount "42"]
[EventDate "2019.05.06"]
[EventType "swiss"]
[EventRounds "9"]
[EventCountry "ESP"]
[SourceTitle "CBM 190 Extra"]
[Source "ChessBase"]
[SourceDate "2019.07.15"]
[SourceVersion "1"]
[SourceVersionDate "2019.07.15"]
[SourceQuality "1"]

1. d4 d5 2. c4 c6 3. e3 Nf6 4. Nc3 a6 5. Bd3 dxc4 6. Bxc4 b5 7. Bd3 Nbd7 8. Nf3 c5 9. 0-0 e6 10. b3 Bb7 11. Bb2 Be7 12. Rc1 Qb6 13. Bb1 0-0 14. Ne5 Rfd8 15. Qe2 cxd4 16. exd4 Nf8 17. Nd1 Ng6 18. Ne3 Nf4 19. Qd2 Ng6 20. Qe2 Nf4 21. Qd2 Ng6 1/2-1/2

[Event "Tres Cantos op 10th"]
[Site "Tres Cantos"]
[Date "2018.06.23"]
[Round "3.12"]
[White "Iagar, Razvan Gabriel"]
[Black "Fernandez de la Hoz A, Carlos"]
[Result "1/2-1/2"]
[WhiteElo "2216"]
[BlackElo "1719"]
[PlyCount "83"]
[EventDate "2018.06.21"]
[EventType "swiss"]
[EventRounds "9"]
[EventCountry "ESP"]
[SourceTitle "EXT 2024"]
[Source "ChessBase"]
[SourceDate "2023.10.10"]
[SourceVersion "1"]
[SourceVersionDate "2023.10.10"]
[SourceQuality "1"]

1. d4 g6 2. Nf3 Bg7 3. c4 d6 4. g3 c6 5. Nc3 Nd7 6. Bg2 Nb6 7. b3 Nf6 8. 0-0 0-0 9. h3 d5 10. cxd5 Nfxd5 11. Bb2 Nxc3 12. Bxc3 Bf5 13. Ne5 Qc8 14. Kh2 Rd8 15. Qe1 f6 16. Nf3 Be4 17. Rc1 Rd5 18. Nd2 Bxg2 19. Kxg2 f5 20. e3 e5 21. dxe5 Bxe5 22. Bxe5 Rxe5 23. Nf3 Re7 24. Qa5 Qc7 25. Rfd1 Rae8 26. Rd3 Qb8 27. Qc5 h6 28. b4 Nd7 29. Qc4+ Kh7 30. Rcd1 Nf6 31. a3 Qc7 32. Rc1 a6 33. Rcd1 Nd5 34. Rc1 Nf6 35. Qc5 Re4 36. Rcd1 Qg7 37. Qc3 Qe7 38. Nd2 Nd5 39. Qb2 Re6 40. Nb3 Qg5 41. Nc5 R6e7 42. Rd4 1/2-1/2

[Event "Madrid-ch final"]
[Site "Madrid"]
[Date "2018.05.28"]
[Round "3"]
[White "Cabanas Bravo, Juan Andres"]
[Black "Iagar, Razvan Gabriel"]
[Result "1/2-1/2"]
[WhiteElo "1936"]
[BlackElo "2213"]
[PlyCount "93"]
[EventDate "2018.05.26"]
[EventType "swiss"]
[EventRounds "7"]
[EventCountry "ESP"]
[SourceTitle "CBM 184 Extra"]
[Source "ChessBase"]
[SourceDate "2018.06.28"]
[SourceVersion "1"]
[SourceVersionDate "2018.06.28"]
[SourceQuality "1"]

1. e4 e6 2. d4 d5 3. Nc3 Nf6 4. Bg5 Be7 5. e5 Nfd7 6. h4 0-0 7. Bd3 c5 8. Nh3 g6 9. dxc5 Nxe5 10. f4 Nxd3+ 11. Qxd3 Na6 12. 0-0-0 Nxc5 13. Qd4 f6 14. Bh6 Rf7 15. Nf2 Bf8 16. Bxf8 Qxf8 17. h5 e5 18. Qxd5 Be6 19. Qf3 exf4 20. hxg6 hxg6 21. Qxf4 Rc8 22. Rh6 Qg7 23. Rdh1 Rfc7 24. Rh8+ Qxh8 25. Rxh8+ Kxh8 26. Qxf6+ Kh7 27. g4 Rf7 28. Qh4+ Kg8 29. b4 Nd7 30. Nce4 Bxa2 31. Nd6 Rh7 32. Qg5 Rf8 33. Nd3 Rg7 34. Nxb7 Nf6 35. Nbc5 Bc4 36. Ne5 Nh7 37. Qd2 Bf7 38. g5 Re8 39. Ng4 Kh8 40. Nh6 Bg8 41. Qf4 Re1+ 42. Kd2 Re8 43. Ne4 Rd7+ 44. Kc3 Rde7 45. Nf6 Nxf6 46. Qxf6+ Rg7 47. Qc6 1/2-1/2

[Event "Madrid-ch sf"]
[Site "Madrid"]
[Date "2018.05.10"]
[Round "6"]
[White "Aguilera Lopez, Alejandro"]
[Black "Iagar, Razvan Gabriel"]
[Result "1-0"]
[WhiteElo "2098"]
[BlackElo "2213"]
[PlyCount "139"]
[EventDate "2018.05.05"]
[EventType "swiss"]
[EventRounds "9"]
[EventCountry "ESP"]
[SourceTitle "CBM 184 Extra"]
[Source "ChessBase"]
[SourceDate "2018.06.28"]
[SourceVersion "1"]
[SourceVersionDate "2018.06.28"]
[SourceQuality "1"]

1. d4 d5 2. Nf3 Nf6 3. e3 Bf5 4. c4 c6 5. Nc3 e6 6. Nh4 Be4 7. f3 Bg6 8. Nxg6 hxg6 9. g3 Bd6 10. f4 Be7 11. c5 Nbd7 12. b4 b6 13. Rb1 Qc7 14. Bd2 b5 15. Bd3 a6 16. 0-0 0-0 17. Qf3 Rfd8 18. g4 Nf8 19. Ne2 N6h7 20. Be1 Qd7 21. h4 f6 22. Kg2 f5 23. g5 Qe8 24. Rh1 Qf7 25. Bc3 Rd7 26. Rh2 Bd8 27. Qg3 Qe8 28. Rbh1 Raa7 29. Ng1 Rab7 30. Nf3 Bc7 31. a4 Bb8 32. Ra1 Ra7 33. Kh3 Re7 34. Ra3 Red7 35. Rha2 Rdb7 36. Qe1 Re7 37. Qa1 Rab7 38. axb5 axb5 39. Ra8 Nd7 40. R2a6 Qc8 41. R6a7 Re8 42. Rxb7 Qxb7 43. Ra6 Rc8 44. Kg3 Nhf8 45. Ra2 Nh7 46. Nd2 Ndf8 47. Nb3 Kf7 48. Na5 Qc7 49. Qf1 Nd7 50. Nxc6 Qxc6 51. Bxb5 Qc7 52. Ba6 Re8 53. b5 e5 54. fxe5 Nxc5 55. dxc5 Qxc5 56. Qd3 Bxe5+ 57. Bxe5 Rxe5 58. Kf3 Qc1 59. Qd4 Qh1+ 60. Rg2 Re4 61. Qxd5+ Ke7 62. Qc5+ Kf7 63. b6 Qh3+ 64. Kf2 Qxh4+ 65. Ke2 Nf8 66. Kd3 Nd7 67. Bc4+ Ke8 68. Bb5 Re7 69. Qc8+ Kf7 70. Bc4+ 1-0

[Event "Madrid-ch sf"]
[Site "Madrid"]
[Date "2018.05.08"]
[Round "4"]
[White "Perez Gonzalez, Jose Manuel"]
[Black "Iagar, Razvan Gabriel"]
[Result "1/2-1/2"]
[WhiteElo "2252"]
[BlackElo "2213"]
[PlyCount "58"]
[EventDate "2018.05.05"]
[EventType "swiss"]
[EventRounds "9"]
[EventCountry "ESP"]
[SourceTitle "CBM 184 Extra"]
[Source "ChessBase"]
[SourceDate "2018.06.28"]
[SourceVersion "1"]
[SourceVersionDate "2018.06.28"]
[SourceQuality "1"]

1. e4 e6 2. d4 d5 3. Nc3 Nf6 4. e5 Nfd7 5. f4 c5 6. Nf3 Nc6 7. Be3 a6 8. Qd2 b5 9. dxc5 Bxc5 10. Bd3 Qb6 11. Bf2 Bb7 12. a3 Rc8 13. 0-0 Bxf2+ 14. Rxf2 Qc5 15. Re1 g6 16. Kh1 Nb6 17. Rff1 Nc4 18. Bxc4 Qxc4 19. Ne2 a5 20. Ned4 b4 21. Nxc6 Bxc6 22. axb4 axb4 23. Nd4 Bd7 24. Ra1 0-0 25. b3 Qc5 26. Ra2 Ra8 27. Rfa1 Rxa2 28. Rxa2 Rb8 29. h3 Qb6 1/2-1/2

[Event "Madrid-ch sf"]
[Site "Madrid"]
[Date "2018.05.06"]
[Round "2"]
[White "Ruiz Quevedo, Andres"]
[Black "Iagar, Razvan Gabriel"]
[Result "0-1"]
[WhiteElo "1895"]
[BlackElo "2213"]
[PlyCount "66"]
[EventDate "2018.05.05"]
[EventType "swiss"]
[EventRounds "9"]
[EventCountry "ESP"]
[SourceTitle "CBM 184 Extra"]
[Source "ChessBase"]
[SourceDate "2018.06.28"]
[SourceVersion "1"]
[SourceVersionDate "2018.06.28"]
[SourceQuality "1"]

1. Nf3 d5 2. g3 Nf6 3. Bg2 c6 4. 0-0 h6 5. d3 Bf5 6. c4 e6 7. Be3 Nbd7 8. Qb3 Qb8 9. Nc3 Be7 10. cxd5 exd5 11. Bf4 Qc8 12. Rac1 Nc5 13. Qd1 a5 14. Nd4 Bh7 15. e4 dxe4 16. Nxe4 Nfxe4 17. dxe4 0-0 18. Qh5 Nd3 19. Bh3 Qd8 20. Nf5 Bg6 21. Nxh6+ gxh6 22. Qxh6 Nxc1 23. Rxc1 Bf6 24. Bf5 Bg7 25. Qh3 Qf6 26. Rc5 Rfe8 27. Qg4 b6 28. Rc3 Rxe4 29. Bxe4 Bxe4 30. Re3 Bd5 31. Re1 Qg6 32. Qe2 Qe6 33. Qf1 Qg4 0-1

[Event "Madrid-chT 1718"]
[Site "Madrid"]
[Date "2017.11.19"]
[Round "1.44"]
[White "Gimenez Menchon, Cesar"]
[Black "Iagar, Razvan Gabriel"]
[Result "0-1"]
[WhiteElo "2165"]
[BlackElo "2185"]
[PlyCount "86"]
[EventDate "2017.11.19"]
[EventType "team-tourn"]
[EventRounds "14"]
[EventCountry "ESP"]
[SourceTitle "EXT 2019"]
[Source "ChessBase"]
[SourceDate "2018.10.10"]
[SourceVersion "1"]
[SourceVersionDate "2018.10.10"]
[SourceQuality "1"]
[WhiteTeam "Villalba 64"]
[BlackTeam "Villaverde"]
[WhiteTeamCountry "ESP"]
[BlackTeamCountry "ESP"]

1. e4 e6 2. d4 d5 3. Bd3 dxe4 4. Bxe4 Nf6 5. Bf3 c5 6. Ne2 Nc6 7. Be3 cxd4 8. Nxd4 Ne5 9. Nc3 Bb4 10. Ndb5 Nxf3+ 11. Qxf3 Qa5 12. 0-0-0 0-0 13. a3 Bxc3 14. Nxc3 a6 15. Rd4 Rb8 16. Qg3 Ra8 17. Bg5 Kh8 18. Bxf6 gxf6 19. Ne4 Qe5 20. Rhd1 Qxg3 21. hxg3 f5 22. Nd6 b5 23. R1d3 Ra7 24. Kd2 Kg7 25. Kc3 Rc7+ 26. Kb3 e5 27. Rb4 Be6+ 28. c4 bxc4+ 29. Nxc4 Rfc8 30. Rc3 Rc6 31. Ra4 Kf6 32. Rb4 Kg5 33. Rc1 h5 34. Rc3 e4 35. Ra4 Kg4 36. Rb4 f4 37. Ra4 Rxc4 38. Raxc4 Rxc4 39. Rxc4 Bxc4+ 40. Kxc4 fxg3 41. fxg3 Kxg3 42. Kd4 Kxg2 43. b4 h4 0-1

[Event "Madrid San Viator op-A 29th"]
[Site "Madrid"]
[Date "2017.11.05"]
[Round "8"]
[White "Quispe Arteaga, Gabriel"]
[Black "Iagar, Razvan Gabriel"]
[Result "1/2-1/2"]
[WhiteElo "2197"]
[BlackElo "2163"]
[PlyCount "192"]
[EventDate "2017.09.17"]
[EventType "swiss"]
[EventRounds "9"]
[EventCountry "ESP"]
[SourceTitle "EXT 2019"]
[Source "ChessBase"]
[SourceDate "2018.10.10"]
[SourceVersion "1"]
[SourceVersionDate "2018.10.10"]
[SourceQuality "1"]

1. Nf3 d5 2. g3 Nf6 3. Bg2 h6 4. 0-0 Bf5 5. d3 e6 6. c4 c6 7. cxd5 exd5 8. Qb3 Qb6 9. Qc2 Be7 10. Nc3 Nbd7 11. e4 dxe4 12. dxe4 Bh7 13. Be3 Qa5 14. Rad1 0-0 15. Qb3 Nb6 16. e5 Ne4 17. e6 Nc5 18. Bxc5 Qxc5 19. exf7+ Rxf7 20. Rde1 Bf6 21. Ne4 Qc4 22. Nxf6+ Rxf6 23. Re7 Qxb3 24. axb3 Rf7 25. Rfe1 Kf8 26. R7e2 Nd7 27. Nd4 Nc5 28. Nxc6 Nd3 29. Ne5 Nxe1 30. Nxf7 Nxg2 31. Ne5 Nh4 32. gxh4 Bf5 33. Kg2 Rd8 34. Re3 Kg8 35. Kg3 Be6 36. Nf3 Kf7 37. b4 Kf6 38. Re4 Rd3 39. Re3 Rd6 40. Kf4 Rb6 41. Nd4 Bf7 42. b5 a6 43. bxa6 bxa6 44. Re2 Rb4 45. Rd2 a5 46. Ke3 a4 47. Rc2 Bd5 48. Rc5 Ba2 49. Rb5 Rxb5 50. Nxb5 Ke5 51. Nd4 Bd5 52. f3 Bc4 53. Nc2 Kf5 54. Na3 Bb3 55. Nb5 Bd5 56. Nc3 Bb3 57. Ne4 Bd5 58. Nc3 Bb3 59. Ne2 Bd5 60. Nd4+ Ke5 61. Ne2 Kf5 62. Ng3+ Ke5 63. Nh5 Bf7 64. Nf4 Kf5 65. Nd3 Bd5 66. Nf4 Bf7 67. Ne2 Bd5 68. Ng3+ Ke5 69. f4+ Kf6 70. Kd4 Bb3 71. Ke4 Bc2+ 72. Kf3 Bb3 73. Nf1 Bd5+ 74. Kg4 Be6+ 75. Kf3 Bd5+ 76. Ke3 Kf5 77. h3 Kg6 78. Ng3 Be6 79. Ke4 Bxh3 80. f5+ Kf7 81. Ke5 Bg2 82. Ne2 Bc6 83. Nd4 Bg2 84. Ne6 Bf3 85. Nf4 Bd1 86. Nd5 Bb3 87. Ne3 Ke7 88. Ke4 Kf6 89. Kf4 Ke7 90. Ng4 Kf7 91. Ke5 Bd1 92. Ne3 Bb3 93. Nf1 Bc2 94. Nd2 Ke7 95. Nf3 Bd1 96. Nd4 Kf7 1/2-1/2